Conversations with Buddha : (Record no. 44569)
[ view plain ]
| 000 -LEADER | |
|---|---|
| fixed length control field | 01034cam a2200301 i 4500 |
| 001 - CONTROL NUMBER | |
| control field | 21946331 |
| 008 - FIXED-LENGTH DATA ELEMENTS--GENERAL INFORMATION | |
| fixed length control field | 210316s2019 enk b 000 0deng d |
| 010 ## - LIBRARY OF CONGRESS CONTROL NUMBER | |
| LC control number | 2020455163 |
| 020 ## - INTERNATIONAL STANDARD BOOK NUMBER | |
| International Standard Book Number | 9781786782472 |
| Qualifying information | (hbk.) |
| 035 ## - SYSTEM CONTROL NUMBER | |
| System control number | (OCoLC)on1120190375 |
| 040 ## - CATALOGING SOURCE | |
| Original cataloging agency | UKMGB |
| Language of cataloging | eng |
| Transcribing agency | CUZ |
| Description conventions | rda |
| Modifying agency | OCLCO |
| -- | BDX |
| -- | OCLCF |
| -- | NZHWP |
| -- | TOH |
| -- | CUZ |
| 050 00 - LIBRARY OF CONGRESS CALL NUMBER | |
| Classification number | BQ4060 |
| Item number | OLI |
| 100 1# - MAIN ENTRY--PERSONAL NAME | |
| Personal name | Oliver, Joan Duncan, |
| Relator term | author. |
| 245 10 - TITLE STATEMENT | |
| Title | Conversations with Buddha : |
| Remainder of title | a fictional dialogue based on biographical facts / |
| Statement of responsibility, etc. | Joan Duncan Oliver ; foreword by Annie Lennox. |
| 264 #1 - PRODUCTION, PUBLICATION, DISTRIBUTION, MANUFACTURE, AND COPYRIGHT NOTICE | |
| Place of production, publication, distribution, manufacture | London : |
| Name of producer, publisher, distributor, manufacturer | Watkins, |
| Date of production, publication, distribution, manufacture, or copyright notice | 2019. |
| 300 ## - PHYSICAL DESCRIPTION | |
| Extent | xi, 116 pages ; |
| Dimensions | 19 cm |
| 500 ## - GENERAL NOTE | |
| General note | Revised editon of The Buddha : off the record. |
| 600 00 - SUBJECT ADDED ENTRY--PERSONAL NAME | |
| Personal name | Gautama Buddha. |
| 600 07 - SUBJECT ADDED ENTRY--PERSONAL NAME | |
| Personal name | Gautama Buddha. |
| 650 #0 - SUBJECT ADDED ENTRY--TOPICAL TERM | |
| Topical term or geographic name entry element | Buddhism |
| 650 #7 - SUBJECT ADDED ENTRY--TOPICAL TERM | |
| Topical term or geographic name entry element | RELIGION / Buddhism / General. |
| 650 #7 - SUBJECT ADDED ENTRY--TOPICAL TERM | |
| Topical term or geographic name entry element | Buddhism. |
| 942 ## - ADDED ENTRY ELEMENTS (KOHA) | |
| Koha item type | OS Book |
| 336 ## - CONTENT TYPE | |
| Content type term | text |
| Content type code | txt |
| 337 ## - MEDIA TYPE | |
| Media type term | unmediated |
| Media type code | n |
| 338 ## - CARRIER TYPE | |
| Source | rdacarrier |
| Withdrawn status | Lost status | Source of classification or shelving scheme | Damaged status | Not for loan | Collection code | Home library | Current library | Shelving location | Date acquired | Source of acquisition | Inventory number | Full call number | Barcode | Date last seen | Price effective from | Koha item type |
|---|---|---|---|---|---|---|---|---|---|---|---|---|---|---|---|---|
| Non-fiction | CUZ Harare Campus | CUZ Harare Campus | Open Shelf | 31.08.2022 | Doation | CUZ15865 | BQ4060 OLI | BK009826 | 31.08.2022 | 31.08.2022 | OS Book |